Science Quiz

Random Science or Elements Quiz
Score 0/12 Timer 03:00
0 Plays Today
% Correct
Copper
96.2%
Gold
92.7%
Silver
90.4%
Aluminum
76.5%
Magnesium
35.5%
Tungsten
28.8%
Sodium
28.5%
Calcium
18.3%
Beryllium
13.4%
Iridium
10.5%
Molybdenum
10.2%
Rhodium
9.3%

You're not logged in!

Compare scores with friends on all Sporcle quizzes.
OR
Log In

Sporcle TV

Today on Sporcle TV


Watch our educational content, quiz creation guides, and fun videos on Sporcle TV.

Show Comments

Extras

Top Quizzes Today


Score Distribution

Paid Content

Your Account Isn't Verified!

In order to create a playlist on Sporcle, you need to verify the email address you used during registration. Go to your Sporcle Settings to finish the process.

Report this User

Report this user for behavior that violates our Community Guidelines.

Details: